000 00234 a2200097 4500
001 40832
100 _aAmjed Islam Amjed
245 _aAnhhoon Main Tiray Sapnay
260 _aLahore
_bSange-e-Meel Publishers
_c
090 _c25093
_d25093
942 _aNUST-CAE
_cM
_c16773
999 _c275905
_d275905